| 000 -LEADER |
| fixed length control field |
00374nam a22001097a 4500 |
| 008 - FIXED-LENGTH DATA ELEMENTS--GENERAL INFORMATION |
| fixed length control field |
160509b xxu||||| |||| 00| 0 eng d |
| 100 ## - MAIN ENTRY--AUTHOR'S NAME |
| Author's Name |
AB Philatelia |
| 245 ## - TITLE STATEMENT |
| Title |
Sveriges frimarken i farg : AB Philatelias Specialkatalog, 1855-1983 |
| 260 ## - PUBLICATION, DISTRIBUTION, ETC. (IMPRINT) |
| Place of publication, distribution, etc. |
Kage, Sweden |
| Name of publisher, distributor, etc. |
AB Philatelia |
| Date of publication, distribution, etc. |
1983 |
| 650 ## - TOPICAL TERM (Tag) |
| Topical term or geographic name |
Sweden | Catalogs and Price Lists | Dealer Publications |
| 700 ## - SECONDARY AUTHOR, EDITOR OR ILLUSTRATOR |
| Personal Name |
Burstrom, Rolf |